000 00876nam0a2200277 4500
001 RU\NLR\BIBL_A\022384623
005 20250625222859.0
010 _915000
035 _a(NLR Aleph) 022384623
090 _a13330760
_c13330760
100 _a20241119d1946 |||y0rusy50 ca
101 0 _amol
102 _aMD
105 _ay z 000 y
181 0 _ai
_baxxe
182 0 _an
200 1 _aГласул патрией
_eверсурь, 1941-1945
_fБогдан Истру
203 _aТекст
_bвизуальный
_cнепосредственный
210 _aКишинэу
_cЕдитура де Стат а Молдовей
_d1945
215 _a94,[2] с.
_d16
541 1 _aГолос Родины
686 1 _aШ6(2=Молд.)7-5
700 1 _aИстру
_bБ.
_f1914-1993
_gБогдан Спиридонович
_4070
942 _cBOOK
980 _aNB